Nadežnosť složnych sistem v ekspluatacii i obrabotke /
Enregistré dans:
| Auteur principal: | |
|---|---|
| Format: | Livre |
| Langue: | russe |
| Publié: |
Moskva :
Vyšča škola,
1989
|
| Tags: |
Pas de tags, Soyez le premier à ajouter un tag!
|
MARC
| LEADER | 00000nam a22000003a 4500 | ||
|---|---|---|---|
| 001 | stu474 | ||
| 005 | 20150617225618.2 | ||
| 008 | 910529s1989----xxr-----------------rus-d | ||
| 040 | |a STU |b slo | ||
| 041 | 0 | |a rus | |
| 044 | |a xxr | ||
| 080 | |a 519.876 | ||
| 080 | |a 519.718 |7 stu_us_auth*stu9873 | ||
| 100 | 1 | |a Severcev, Nikolaj Aleksejevič |4 aut | |
| 245 | 1 | |a Nadežnosť složnych sistem v ekspluatacii i obrabotke / |c [aut.] Severcev,Nikolaj Aleksejevič | |
| 260 | |a Moskva : |b Vyšča škola, |c 1989 | ||
| 300 | |a 431 s | ||
| 996 | |b E69722 |c E*69722 |l EE03 |s P |a 0 |w stu474_0001 | ||